The Basic Structure Doctrine: (Record no. 213322)

MARC details
000 -LEADER
fixed length control field 00715nam a22002297a 4500
003 - CONTROL NUMBER IDENTIFIER
control field dpl
005 - DATE AND TIME OF LATEST TRANSACTION
control field 20250904114829.0
008 - FIXED-LENGTH DATA ELEMENTS--GENERAL INFORMATION
fixed length control field 240724b |||||||| |||| 00| 0 eng d
010 ## - LIBRARY OF CONGRESS CONTROL NUMBER
LC control number ENG-146625
020 ## - INTERNATIONAL STANDARD BOOK NUMBER
International Standard Book Number 9789349015661
Terms of availability 795.00
035 ## - SYSTEM CONTROL NUMBER
System control number EN-130157
037 ## - SOURCE OF ACQUISITION
Source of stock number/acquisition DBAD
040 ## - CATALOGING SOURCE
Original cataloging agency DPL
Transcribing agency 0
082 ## - DEWEY DECIMAL CLASSIFICATION NUMBER
Classification number 342.54
Edition number 1
100 ## - MAIN ENTRY--PERSONAL NAME
Personal name Nariman, Rohinton
9 (RLIN) 84720
245 ## - TITLE STATEMENT
Title The Basic Structure Doctrine:
Statement of responsibility, etc Rohinton Nariman
Remainder of title Protector of Constitutional Integrity/
250 ## - EDITION STATEMENT
Edition statement 1
260 ## - PUBLICATION, DISTRIBUTION, ETC. (IMPRINT)
Place of publication, distribution, etc Haryana
Name of publisher, distributor, etc Lexis Nexis
Date of publication, distribution, etc 2025
270 ## - ADDRESS
Address 14th floor, building no.10, tower B, DLF cyber city, Phase-II
City Gurgaon
Postal code 122002
300 ## - PHYSICAL DESCRIPTION
Extent 384p.
Dimensions 24cm(Hb)
Other physical details index
942 ## - ADDED ENTRY ELEMENTS (KOHA)
Source of classification or shelving scheme Dewey Decimal Classification
Koha item type English Books
Classification part 342.54
Call number suffix NAR
Holdings
Withdrawn status Lost status Source of classification or shelving scheme Damaged status Not for loan Collection code Home library Current library Date acquired Source of acquisition Cost, normal purchase price Total Checkouts Full call number Barcode Date last seen Copy number Cost, replacement price Price effective from Koha item type
    Dewey Decimal Classification     Non-fiction Mobile Library Mobile Library 04/09/2025 DBAD 795.00   342.54 NAR EN-130157 04/09/2025 1 795.00 04/09/2025 English Books

© Delhi Public Library
Hit Counter
free hit counter